000 01013nam a22002297a 4500
003 OSt
005 20250917163316.0
008 240325b ||||| |||| 00| 0 eng d
040 _c0
082 _aDPer 621.381 In821 September 2022 v. 37 n. 9
100 _aChen, Jimin.
_eauthor.
_955365
245 _aAccurate steady-state modeling and design based on state trajectory analysis for LCC resonant converter with voltage doubler rectifier /
_cJimin Chen, Han Peng, Yong Kang, Jinglin Wu, and Xu Chu.
260 _aNew York ;
_bThe Institute of Electrical and Electronics Engineers, Inc. ,
_cSeptember 2022.
300 _aVolume 37, pages 10698-10712 :
_billustration ;
_c28 cm.
500 _aIEEE Transitions on Power Electronics, v. 37 n. 9, pages 10698-10712, September 2022.
700 _aChen, Jimin.
_eauthor.
_955365
700 _aPeng, Han.
_eauthor.
_955366
700 _aKang, Yong.
_eauthor.
_955367
700 _aWu, Jinglin.
_eauthor.
_955368
700 _aChu, Xu.
_eauthor.
_955369
942 _2ddc
_cPER
999 _c19847
_d19847